Sporcle Categorical Grab Bag: Begins with 'P' Quiz Stats

 Plays Quiz Updated Jan 28, 2018

Challenge
Share
Tweet
Embed
Score 0/45 Timer 06:00
3 Plays Today
Category Missing Word % Correct
Music
80's Bands
Pet
97.3%
Movies
Paramount Films
Puss
95.6%
Entertainment
Broadway Musicals
Phantom
94.6%
Entertainment
Broadway Musicals
Peter
94.5%
History
Nation by Capital
Peru
93.1%
History
Nation by Capital
Poland
92.9%
Just for Fun
Wordplay: Idioms
Pain
92.6%
Television
NBC Shows
Parks
92.6%
Gaming
Popular 80's and 90's Toys
Play
91.9%
Just for Fun
Wordplay: Idioms
Penny
90.6%
History
Nation by Capital
Portugal
88.5%
Just for Fun
Wordplay: Idioms
Pick
87.2%
Geography
US State Capitals
Phoenix
86%
Movies
Paramount Films
Paranormal
84.5%
Religion
Greek Mythology
Pegasus
78.6%
Science
Anatomy
Patella
77.9%
Sports
NBA Teams
Pistons
77.3%
Language
French/English Loan Words
Papier
76.6%
Religion
Greek Mythology
Poseidon
76.3%
Holiday
Easter
Palm
75.4%
Sports
NBA Teams
Pacers
73.7%
Science
Anatomy
Pupil
73.2%
Miscellaneous
Automobiles
Pontiac
71.4%
Category Missing Word % Correct
Geography
US State Capitals
Providence
70.4%
Television
NBC Shows
Punky
68.5%
Movies
Paramount Films
Patriot
68.2%
Language
French/English Loan Words
Piece
67%
Gaming
Popular 80's and 90's Toys
Polly
66%
Geography
US State Capitals
Pierre
64.8%
Entertainment
Broadway Musicals
Porgy
64.5%
Miscellaneous
Automobiles
Porsche
63.6%
Holiday
Easter
Pastel
57.9%
Holiday
Easter
Painted
55%
Sports
NBA Teams
Pelicans
54.8%
Science
Anatomy
Pelvis
51.2%
Gaming
Popular 80's and 90's Toys
Pound
51%
Music
80's Bands
Prince
45.3%
Literature
Harry Potter Surnames
Pettigrew
44.2%
Language
French/English Loan Words
Pince
34.6%
Literature
Harry Potter Surnames
Patil
33.2%
Music
80's Bands
Psychedelic
28.9%
Religion
Greek Mythology
Persephone
27.1%
Literature
Harry Potter Surnames
Pomfrey
26.9%
Miscellaneous
Automobiles
Plymouth
22.5%
Television
NBC Shows
Poker
7.1%

You're not logged in!

Compare scores with friends on all Sporcle quizzes.
OR
Log In

You Might Also Like...

Show Comments

Extras

Top Quizzes Today


Score Distribution

Your Account Isn't Verified!

In order to create a playlist on Sporcle, you need to verify the email address you used during registration. Go to your Sporcle Settings to finish the process.

Report this User

Report this user for behavior that violates our Community Guidelines.

Details: